| 000 | 01634nam a2200433Ii 4500 | ||
|---|---|---|---|
| 001 | DIGANT0558 | ||
| 003 | NyNyDIG | ||
| 006 | m o d | ||
| 007 | cr ||||||||||| | ||
| 008 | 220602s2020 sp ob 000 0 spa d | ||
| 035 | _a(OCoLC)1338646525 | ||
| 040 |
_aDGITA _beng _erda _epn _cDGITA |
||
| 020 | _z9788417556402 | ||
| 050 | 1 | 4 | _aGN345 ebook |
| 082 | 0 | 4 | _a305 |
| 100 | 1 |
_aFerrándiz, Francisco, _eauthor. |
|
| 245 | 1 | 0 |
_aEtnografías contemporáneas : _banclajes, métodos y claves para el futuro / _cFrancisco Ferrándiz. |
| 264 | 1 |
_aBarcelona : _bAnthropos, _c[2020] |
|
| 300 | _a1 online resource. | ||
| 336 |
_atext _btxt _2rdacontent |
||
| 336 |
_astill image _2rdacontent |
||
| 337 |
_acomputer _bc _2rdamedia |
||
| 338 |
_aonline resource _bcr _2rdacarrier |
||
| 347 |
_atext file _2rdaft |
||
| 347 | _bPDF | ||
| 490 | 1 |
_aAutores, textos y temas. Antropología ; _v47 |
|
| 504 | _aIncludes bibliographical references. | ||
| 588 | 0 | _aOnline resource; title from PDF title page (Digitalia, viewed Jun 2, 2022) | |
| 650 | 0 |
_aAnthropology _xMethodology. |
|
| 650 | 0 |
_aEthnology _xMethodology. |
|
| 655 | 0 | _aElectronic books. | |
| 776 | 0 | 8 |
_iPrint version: _aFerrándiz, Francisco. _tEtnografías contemporáneas. _bSegunda edición, revisada y aumentada. _dBarcelona : Anthropos, 2020 _z9788417556402 |
| 791 | 2 |
_aDigitalia (Firm), _edistributor. |
|
| 793 | 0 |
_gDigitalia eBook Collection: _aAnthropos |
|
| 830 | 0 |
_aAutores, textos y temas. _pAntropología ; _v47. |
|
| 856 | 4 | 0 |
_3Digitalia Hispánica _uhttps://www.digitaliapublishing.com/a/101511/ |
| 910 | _aPremium collection: 2022 | ||
| 942 | _cRAA | ||
| 999 |
_c268251 _d268251 |
||